000
00174 a2200097 4500
020
_a
9780736207737
041
_a
spa
100
_a
Kratky,Lada
245
_a
Focas
942
_c
BK
999
_c
15006
_d
15006